Statistics for Cherry Capital Airport Destinations (Traverse City, MI, USA)

Click here to take the quiz!

General Stats

  • This quiz has been taken 10 times
    (4 since last reset)
  • The average score is 18 of 20

Answer Stats

AirlineDestination% Correct
Delta Air LinesAtlanta
100%
American Eagle/Delta ConnectionBoston
100%
American EagleCharlotte
100%
American Eagle/United Airlines/United ExpressChicago (O'Hare)
100%
American AirlinesDallas/Fort Worth
100%
United Airlines/United ExpressDenver
100%
Delta Air Lines/Delta ConnectionDetroit
100%
United ExpressHouston (Intercontinental)
100%
Delta Connection/Sun Country AirlinesMinneapolis/St. Paul
100%
United ExpressNewark
100%
American Eagle/Delta ConnectionNew York (LaGuardia)
100%
Allegiant AirOrlando/Sanford
100%
American EaglePhiladelphia
100%
Allegiant AirPunta Gorda (FL)
100%
United ExpressWashington (Dulles)
100%
American EagleWashington (National)
100%
Allegiant AirFort Lauderdale
67%
Allegiant AirPhoenix/Mesa
67%
Allegiant AirSt. Petersburg/Clearwater
67%
Avelo AirlinesNew Haven (CT)
33%

Score Distribution

Percentile by Number Answered

Percent of People with Each Score

Your Score History

You have not taken this quiz since the last reset